[Event "Belgian Interteams 1999-2000"]
[Site "Antwerp BEL"]
[Date "1999.11.??"]
[Round "5"]
[White "Schalkx,J"]
[Black "Goncalves,J"]
[Result "0-1"]
[WhiteElo "2271"]
[BlackElo "2190"]

1.e4 c5 2.Nf3 Nc6 3.Bb5 g6 4.O-O Bg7 5.Re1 Nf6 6.Bxc6 bxc6 7.d3 O-O 8.Nc3 Rb8
9.e5 Nd5 10.Ne4 Qa5 11.a3 f5 12.Ned2 Ba6 13.c4 Nc7 14.Nf1 Ne6 15.Bd2 Qc7
16.Bc3 Bc8 17.Qd2 Rb7 18.b4 Qb8 19.Rab1 a5 20.d4 axb4 21.axb4 cxd4 22.Nxd4 Nxd4
23.Bxd4 d6 24.exd6 Qxd6 25.Bxg7 Qxd2 26.Nxd2 Kxg7 27.Re5 Rd8 28.Nf3 f4 29.Rc5 Rxb4
30.Re1 Rd6 31.Rxe7+ Kf6 32.Re1 Be6 33.Ng5 Bf5 34.Nxh7+ Kg7 35.Re7+ Kh6 36.h4 Rb1+
37.Kh2 Rdd1 38.g3 f3 39.g4 Rg1 40.g5+ Kh5 41.Nf6+ Kxh4 42.Rh7+ Kxg5 43.Ne4+ Kf4  0-1

[Event "Belgian Interteams 1999-2000"]
[Site "Antwerp BEL"]
[Date "1999.11.??"]
[Round "5"]
[White "Vedder,R"]
[Black "Lemmers,O"]
[Result "0-1"]
[WhiteElo "2234"]
[BlackElo "2406"]

1.e4 c5 2.Nf3 Nc6 3.Bb5 g6 4.O-O Bg7 5.Re1 Nf6 6.c3 O-O 7.d4 d5 8.exd5 Qxd5
9.dxc5 Qxc5 10.a4 Ng4 11.Qe2 a6 12.Bxc6 Qxc6 13.Qxe7 Bf5 14.Qh4 Rfe8 15.Rxe8+ Rxe8
16.h3 Bf6 17.Qg3 Qd5 18.Nbd2 Ne5 19.Nxe5 Bxe5 20.Qf3 Qd6 21.Nf1 Be4 22.Qe2 Bc6
23.Qd2 Qc7 24.Qd1 Qb6 25.Ne3 Rd8 26.Qe2 Qb3 27.Ra3 Qe6 28.c4 Bc7 29.b4 Qd6
30.g3 Qxb4 31.Ra1 Qe7 32.Bb2 Qe4 33.Kh2 h5 34.Bf6 Rd6 35.Qb2 h4 36.Bh8 hxg3+
37.fxg3 f6 38.Ng4 Kxh8 39.Nxf6 Qd4  0-1

[Event "Eu Team Ch"]
[Site "Batumi GEO"]
[Date "1999.12.01"]
[Round "3"]
[White "Mohr,G"]
[Black "Georgiev,Vl"]
[Result "1/2-1/2"]
[WhiteElo "2483"]
[BlackElo "2519"]

1.e4 c5 2.Nf3 Nc6 3.Bb5 g6 4.Bxc6 dxc6 5.d3 Bg7 6.O-O e5 7.Be3 Qe7 8.a3 a5
9.a4 Nf6 10.h3 b6 11.Na3 Ba6 12.Qd2 O-O 13.Bh6 Bxh6 14.Qxh6 Nh5 15.b3 f6
16.Nc4 Rab8 17.g3 Ng7 18.Qd2 Ne6 19.Kg2 Qd7 20.Rh1 Kg7 21.Ng1 Rfd8 22.Ne2 Nd4
23.Nxd4 Qxd4 24.Qe2 Qc3 25.Qd2 Qd4 26.Qe2 Qc3 27.Qd2  1/2-1/2

[Event "Eu Team Ch"]
[Site "Batumi GEO"]
[Date "1999.12.01"]
[Round "3"]
[White "Forster,R"]
[Black "Reinderman,D"]
[Result "0-1"]
[WhiteElo "2459"]
[BlackElo "2525"]

1.e4 c5 2.Nf3 Nc6 3.Bb5 d6 4.d4 cxd4 5.Qxd4 Bd7 6.Bxc6 Bxc6 7.Nc3 Nf6 8.Bg5 e6
9.O-O-O Be7 10.Qd3 Qa5 11.h4 h6 12.Be3 d5 13.Ne5 O-O 14.exd5 Bxd5 15.Bd4 Rfd8
16.Rh3 Rac8 17.Rg3 Rxc3 18.Bxc3 Qxa2 19.Ng4 Ne4 20.Nxh6+ Kf8 21.Bxg7+ Ke8
22.Qb5+ Rd7 23.Ra3 Bxa3 24.bxa3 f6 25.c4 Nc3 26.Qb4 Ne2+  0-1

[Event "Eu Team Ch"]
[Site "Batumi GEO"]
[Date "1999.12.02"]
[Round "4"]
[White "Bauer,Ch"]
[Black "Mchedlishvili,M"]
[Result "1/2-1/2"]
[WhiteElo "2480"]
[BlackElo "2441"]

1.e4 c5 2.Nf3 Nc6 3.Bb5 g6 4.Bxc6 dxc6 5.h3 e5 6.d3 f6 7.O-O Nh6 8.c3 Nf7
9.Be3 f5 10.exf5 Bxf5 11.Qb3 Qb6 12.d4 exd4 13.Qxb6 axb6 14.cxd4 c4 15.Nbd2 b5
16.a4 c3 17.bxc3 bxa4 18.Rfe1 Kd8 19.Ng5 Nd6 20.Bf4 Be7 21.g4 Bc8 22.Rxe7 Kxe7
23.Re1+ Kd7 24.Bxd6 Kxd6 25.Nf7+ Kc7 26.Nxh8 a3 27.Nf7 a2 28.Ra1 Be6 29.Ng5 Bd5
30.Kf1 Ra3 31.Nge4 b5 32.f3 b4 33.cxb4 Kb6 34.Nd6 Kc7 35.N6e4 Kb6 36.Nd6 Kc7
37.Ne8+ Kb6 38.Ke2 Kb5 39.Nc7+ Kxb4 40.Nxd5+ cxd5 41.Nf1 Kc3 42.Ne3 Kb2 43.Rxa2+ Rxa2
44.Nxd5 Kb3+ 45.Ke3 Kc4 46.Nf6 h5 47.gxh5 gxh5 48.Nxh5 Ra3+ 49.Kf4 Kxd4 50.h4 Kd5
51.Kg4 Ke6 52.f4 Ra1 53.Ng3  1/2-1/2

[Event "Open"]
[Site "Las Palmas ESP"]
[Date "1999.12.05"]
[Round "5"]
[White "Menvielle Lacourrelle,A"]
[Black "Stefansson,H"]
[Result "0-1"]
[WhiteElo "2322"]
[BlackElo "2584"]

1.e4 c5 2.Nf3 Nc6 3.Bb5 e6 4.Bxc6 bxc6 5.O-O d5 6.d3 Nf6 7.Nbd2 Be7 8.Re1 O-O
9.b3 Ne8 10.Bb2 a5 11.a4 f6 12.Qe2 e5 13.Nf1 Nc7 14.Ne3 Rf7 15.Qd2 Bf8 16.Rad1 Ne6
17.Qc1 Nd4 18.Nd2 Rb8 19.Ndf1 g6 20.Qd2 f5 21.exf5 gxf5 22.Rb1 Rg7 23.Bxd4 cxd4
24.Nd1 Bb4 25.Qe2 e4  0-1

[Event "Eu Team Ch (women)"]
[Site "Batumi GEO"]
[Date "1999.12.06"]
[Round "7"]
[White "Berzina,I"]
[Black "Fakhiridou,E"]
[Result "0-1"]
[WhiteElo "2075"]
[BlackElo "2262"]

1.e4 c5 2.Nf3 Nc6 3.Bb5 g6 4.O-O Bg7 5.c3 Nf6 6.Re1 O-O 7.d4 d5 8.e5 Ne4
9.Nbd2 cxd4 10.cxd4 Qb6 11.Bxc6 Qxc6 12.Nb3 f6 13.Be3 Bg4 14.h3 Bxf3 15.gxf3 Ng5
16.Bxg5 fxg5 17.Kg2 b6 18.Qc1 Qe6 19.Qe3 Rf4 20.Rac1 Raf8 21.Rc3 h5 22.Rec1 Rh4
23.Rh1 Bh6 24.Nc1 Kg7 25.Qd3 g4 26.hxg4 Rxh1 27.Kxh1 hxg4 28.f4 Rxf4 29.Kg1 Qf7
30.Rc2 Rf3 31.Qe2 g3 32.fxg3 Rxg3+ 33.Kh1 Bxc1 34.Rxc1 Qf4  0-1

[Event "Eu Team Ch (women)"]
[Site "Batumi GEO"]
[Date "1999.12.06"]
[Round "8"]
[White "Lauterbach,I"]
[Black "Polovnikova,E"]
[Result "1/2-1/2"]
[WhiteElo "2194"]
[BlackElo "2299"]

1.e4 c5 2.Nf3 Nc6 3.Bb5 g6 4.Bxc6 dxc6 5.d3 Bg4 6.Nbd2 e5 7.h3 Bxf3 8.Nxf3 f6
9.O-O Nh6 10.c3 Nf7 11.d4 cxd4 12.cxd4 exd4 13.Nxd4 Bc5 14.Ne6 Qxd1 15.Rxd1 Bb6
16.b3 Ke7 17.Nf4 Bc5 18.Bb2 Rhd8 19.Nd3 Bd4 20.Ba3+ Ke8 21.Rac1 Ng5 22.Kf1 Kf7
23.f3 Ne6 24.Ke2 a5 25.Rc4 Rac8 26.Bc1 b5 27.Rc2 c5 28.Nf4 Nxf4+ 29.Bxf4 Ke6
30.Be3 Ke5 31.Bd2 a4 32.bxa4 b4 33.Bc1 c4 34.Be3 Bxe3 35.Rxd8 Rxd8 36.Kxe3 Rd3+
37.Ke2 Ra3 38.Rxc4 Rxa2+ 39.Kd3 Rxa4 40.Rc7 Ra3+ 41.Kc2 h5 42.Kb2 Re3 43.Rc5+ Kf4
44.Rc6 Re2+ 45.Kb3 Ke5 46.Rc5+ Kd6 47.Ra5 Rxg2 48.f4 Rg3+ 49.Kxb4 Rxh3 50.Ra6+ Ke7
51.e5 Rh4 52.Rxf6 g5 53.Kc5 Rxf4 54.Rg6 Rg4 55.Rh6 h4 56.Kd5 Rg3 57.Rh7+ Kf8
58.e6 h3 59.e7+ Ke8 60.Ke6 Re3+ 61.Kf5  1/2-1/2

[Event "City-ch"]
[Site "Mar del Plata ARG"]
[Date "1999.12.06"]
[Round "11"]
[White "Rosito,J"]
[Black "Cristobal,R"]
[Result "0-1"]
[WhiteElo "2379"]
[BlackElo "2260"]

1.e4 c5 2.Nf3 Nc6 3.Bb5 Nf6 4.e5 Ng4 5.Bxc6 dxc6 6.h3 Nh6 7.d3 g6 8.Nc3 Bg7
9.Ne4 b6 10.Bf4 Nf5 11.Qe2 Nd4 12.Nxd4 cxd4 13.O-O O-O 14.Bh2 Qd5 15.f4 c5
16.b3 Bb7 17.Rae1 Rae8 18.Nd2 f5 19.a4 a6 20.Bg3 b5 21.axb5 axb5 22.Ra1 Ra8
23.Bh4 Qd7 24.Qf2 Rfc8 25.Kh2 h6 26.Nf3 Bd5 27.Rfe1 Qb7 28.Kg3 Qc7 29.Kh2 Qb7
30.Kg3 e6 31.Qe2 Kf7 32.Rf1 Bf8 33.Rfd1 Ra7 34.Rxa7 Qxa7 35.Qd2 Ra8 36.Qc1 Qb7
37.Rf1 Ra2 38.Kh2 Qa8 39.Bg3 Be7 40.h4 h5 41.Kh3 Qa5 42.Be1 Qa3 43.Qxa3 Rxa3
44.Bd2 Ra2 45.Rc1 Ke8 46.Kg3 Kd7 47.Be1 Kc6 48.Bf2 Bxf3 49.Kxf3 Kd5 50.Ke2 c4
51.bxc4+ bxc4 52.dxc4+ Kxc4 53.Kd1 Kd5 54.Kd2 Bb4+ 55.Kd3 Ra3+ 56.Ke2 Ke4
57.Rb1 Bc3 58.Rb6 Ra2 59.Kd1 Ra1+ 60.Ke2 Rc1  0-1

[Event "Eu Team Ch (women)"]
[Site "Batumi GEO"]
[Date "1999.12.07"]
[Round "9"]
[White "Madl,I"]
[Black "Nicoara,M"]
[Result "1-0"]
[WhiteElo "2435"]
[BlackElo "2247"]

1.e4 c5 2.Nf3 Nc6 3.Bb5 d6 4.O-O Bd7 5.c3 Nf6 6.Re1 a6 7.Ba4 b5 8.Bc2 Bg4
9.d3 g6 10.Nbd2 Bg7 11.h3 Bxf3 12.Nxf3 O-O 13.d4 cxd4 14.cxd4 d5 15.e5 Ne8
16.Be3 Nc7 17.Rc1 Qd7 18.Bb1 Ne6 19.Qd2 Rfc8 20.a3 b4 21.Bd3 Qb7 22.Rc2 f5
23.Rec1 a5 24.a4 Ncd8 25.Bb5 Rxc2 26.Qxc2 f4 27.Bd2 Qb6 28.Qb3 Qb7 29.h4 Kh8
30.Kh2 Rb8 31.Bd3 Qd7 32.Bb5 Qb7 33.g3 fxg3+ 34.fxg3 Nc7 35.Be2 Nde6 36.Be3 Rf8
37.Qd3 Qb6 38.Nd2 Qb8 39.Nb3 Qe8 40.Nxa5 Qxa4 41.Nc6 Qa2 42.Qd2 b3 43.Nxe7 Qa4
44.Nc6 Ra8 45.Kg2 Bf8 46.h5 gxh5 47.Bxh5 Ra6 48.Nd8 Qd7 49.Nf7+ Kg8 50.Qe2 Rc6
51.Qg4+ Bg7 52.Ng5 Rxc1 53.Bxc1 Qc6 54.Bf7+ Kh8 55.Nxe6 Qc2+ 56.Kh3  1-0

[Event "Eu Team Ch"]
[Site "Batumi GEO"]
[Date "1999.12.07"]
[Round "9"]
[White "Chandler,M"]
[Black "Reinderman,D"]
[Result "1/2-1/2"]
[WhiteElo "2505"]
[BlackElo "2525"]

1.e4 c5 2.Nf3 Nc6 3.Bb5 g6 4.Bxc6 dxc6 5.d3 Bg7 6.h3 Nf6 7.Nc3 Nd7 8.Be3 e5
9.Qd2 Qe7 10.Bh6 O-O 11.Bxg7 Kxg7 12.Nh2 Nb6 13.O-O c4 14.f4 exf4 15.Rxf4 cxd3
16.cxd3 Be6 17.Nf3 f6 18.Nd4 Rad8  1/2-1/2

[Event "Eu Team Ch"]
[Site "Batumi GEO"]
[Date "1999.12.07"]
[Round "9"]
[White "Palac,M"]
[Black "Atakisi,U"]
[Result "1-0"]
[WhiteElo "2610"]
[BlackElo "2238"]

1.e4 c5 2.Nf3 Nc6 3.Bb5 g6 4.O-O Bg7 5.c3 Nf6 6.Qa4 Qb6 7.Re1 O-O 8.d4 cxd4
9.cxd4 d5 10.e5 Ne4 11.Bxc6 bxc6 12.Nbd2 Bf5 13.Nb3 c5 14.dxc5 Nxc5 15.Nxc5 Qxc5
16.b3 Rfc8 17.Ba3 Qc7 18.Qh4 e6 19.Bd6 Qc3 20.Qa4 h6 21.Nd4 Bd3 22.Rad1 a6
23.Re3 Qd2 24.Ree1 Qc3 25.h3 Bb5 26.Qa3 h5 27.Re3  1-0

[Event "Open"]
[Site "Las Palmas ESP"]
[Date "1999.12.07"]
[Round "7"]
[White "Menvielle Lacourrelle,A"]
[Black "Rodriguez Gonzalez,B"]
[Result "1-0"]
[WhiteElo "2322"]
[BlackElo "2203"]

1.e4 c5 2.Nf3 Nc6 3.Bb5 e6 4.O-O Nge7 5.Re1 a6 6.Bf1 Nd4 7.d3 b5 8.Nbd2 Bb7
9.Nxd4 cxd4 10.Nf3 Nc6 11.c3 Bc5 12.b4 Bb6 13.Bb2 dxc3 14.Bxc3 O-O 15.d4 Ne7
16.a3 f5 17.Bd3 fxe4 18.Bxe4 Bxe4 19.Rxe4 Nd5 20.Bb2 Rc8 21.Rc1 Qe7 22.Rxc8 Rxc8
23.Qd2 Bd8 24.Re1 Qe8 25.Ne5 Bf6 26.Nd3 Be7 27.Nc5 Bxc5 28.dxc5 Qg6 29.Be5 Rf8
30.Qd4 Rf5 31.Bg3 Rg5 32.h3 Qc2 33.Kh2 Rf5 34.Re5 Qc3 35.Rxd5  1-0

[Event "City-ch"]
[Site "Mar del Plata ARG"]
[Date "1999.12.09"]
[Round "13"]
[White "Rosito,J"]
[Black "Fernandez,JorD"]
[Result "1-0"]
[WhiteElo "2379"]
[BlackElo "2180"]

1.e4 c5 2.Nf3 Nc6 3.Bb5 d6 4.O-O Bd7 5.Re1 a6 6.Bxc6 Bxc6 7.c3 e6 8.d4 cxd4
9.cxd4 d5 10.Ne5 Nf6 11.Bg5 Qb6 12.Bxf6 gxf6 13.Nxc6 bxc6 14.Nc3 dxe4 15.Nxe4 Be7
16.Qf3 f5 17.Ng3 Rd8 18.Rad1 Rd5 19.Nh5 Rg8 20.Nf4 Rd6 21.Qh5 Rg4 22.Nxe6 Rh4
23.Ng7+ Kf8 24.Qf3 Kxg7 25.Rxe7 Rhxd4 26.Qg3+ Kf8 27.Rde1 Rg6 28.Qe5 Rd8
29.Qh8+ Rg8 30.Qxh7 Rg7 31.Qh8+ Rg8 32.Qf6 Rg7 33.Rxf7+  1-0

[Event "FSGM December"]
[Site "Budapest HUN"]
[Date "1999.12.13"]
[Round "10"]
[White "Yu Shaoteng"]
[Black "Wang Rui"]
[Result "1/2-1/2"]
[WhiteElo "2435"]
[BlackElo "2396"]

1.e4 c5 2.Nf3 Nc6 3.Bb5 g6 4.Bxc6 dxc6 5.d3 Bg7 6.h3 Nf6 7.Nc3 O-O 8.Be3 b6
9.Qd2 Re8 10.Bh6 Bh8 11.O-O e5 12.b3 Nh5 13.Ne2 Ng7 14.Rad1 Qe7 15.Ng3 Bd7
16.Nh2  1/2-1/2

[Event "FSIMA December"]
[Site "Budapest HUN"]
[Date "1999.12.14"]
[Round "11"]
[White "Khamatgaleev,A"]
[Black "Keatinge Clay,A"]
[Result "1-0"]
[WhiteElo "2435"]
[BlackElo "2278"]

1.e4 c5 2.Nf3 Nc6 3.Bb5 g6 4.O-O Bg7 5.Re1 Nf6 6.c3 O-O 7.d4 d5 8.e5 Ne4
9.Bxc6 bxc6 10.Nbd2 Nxd2 11.Bxd2 cxd4 12.cxd4 Qb6 13.Bc3 Bg4 14.h3 Bxf3 15.Qxf3 e6
16.h4 f6 17.exf6 Rxf6 18.Qg4 Raf8 19.Re2 Kh8 20.g3 h5 21.Qg5 e5 22.Qxe5 Rxf2
23.Rxf2 Bxe5 24.Rxf8+ Kg7 25.Raf1 Bxd4+ 26.Kh1 Bxc3 27.R8f7+ Kh6 28.bxc3 Qb2
29.Re1 Qxc3 30.Ree7 Qh8 31.Rxa7 g5 32.Rh7+ Qxh7 33.hxg5+ Kg6 34.Rxh7 Kxh7
35.a4 c5 36.Kg2 c4 37.Kf2 d4 38.Ke2 d3+ 39.Kd2 Kg6 40.a5 Kf5 41.a6 Ke4 42.a7  1-0

[Event "ch-COL"]
[Site "Fusagasuga COL"]
[Date "1999.12.16"]
[Round "5"]
[White "Mosquera,M"]
[Black "Gamboa,N"]
[Result "1/2-1/2"]
[WhiteElo "2315"]
[BlackElo "2340"]

1.e4 c5 2.Nf3 Nc6 3.Bb5 g6 4.O-O Bg7 5.Re1 Nf6 6.e5 Nd5 7.Nc3 Nxc3 8.dxc3 O-O
9.Bf4 Qb6 10.Qd3 a6 11.Bc4 Na5 12.Bd5 e6 13.Be4 Qxb2 14.Qd6 Qxc3 15.a4 Nc4
16.Qxc5 d6 17.exd6 f5 18.Bd3 Ne5 19.Qe3 Ng4 20.Qb6 Bd7 21.h3 Qc8 22.Rab1 Bc3
23.Re2 Nf6 24.Be5 Nd5 25.Qxb7 Bxe5 26.Nxe5 Bxa4 27.Bc4 Nc3 28.Ree1 Nxb1 29.Qxc8 Raxc8
30.Bxe6+ Kg7 31.Bxc8 Rxc8 32.Rxb1 Rxc2 33.Rb7+ Kf6 34.f4 Rd2 35.d7 Ke6 36.Rb6+ Ke7
37.Rxa6 Bxd7 38.Ra7 Ke6 39.Nf3 Rd1+ 40.Kf2 h6 41.Ra6+ Rd6 42.Rxd6+ Kxd6 43.Ne5 Be8
44.Ke3 Kd5 45.h4 g5 46.hxg5 hxg5 47.Nf3 g4  1/2-1/2

[Event "5th Gudmundur Arason"]
[Site "Hafnarfjordur ISL"]
[Date "1999.12.16"]
[Round "5"]
[White "Karlsson,A"]
[Black "Aagaard,J"]
[Result "0-1"]
[WhiteElo "2305"]
[BlackElo "2403"]

1.e4 c5 2.Nf3 Nc6 3.Bb5 e6 4.Bxc6 bxc6 5.e5 f6 6.O-O Nh6 7.Re1 Nf7 8.d4 cxd4
9.Qxd4 Be7 10.Bd2 O-O 11.Bc3 fxe5 12.Nxe5 Bf6 13.Qe3 Nxe5 14.Bxe5 Bxe5 15.Qxe5 Qb6
16.Re2 Rf5 17.Qc3 Ba6 18.Re3 Raf8 19.Nd2 Rxf2 20.Rae1 d5 21.Nf3 R2xf3 22.gxf3 d4
23.Qb3 dxe3 24.Qxe6+ Kh8 25.Qe7 e2+  0-1

[Event "ch-ROM (women)"]
[Site "Lasi ROM"]
[Date "1999.12.18"]
[Round "4"]
[White "Ionescu Brandis,I"]
[Black "Jicman,L"]
[Result "1-0"]
[WhiteElo "2224"]
[BlackElo "2274"]

1.e4 c5 2.Nf3 Nc6 3.Bb5 g6 4.O-O Bg7 5.Re1 e5 6.Bxc6 bxc6 7.c3 d6 8.d4 cxd4
9.cxd4 Bg4 10.dxe5 dxe5 11.Qxd8+ Rxd8 12.Nc3 Ne7 13.Be3 Nc8 14.Na4 Bxf3 15.gxf3 h5
16.Rac1 Rd6 17.Rc5 g5 18.Kf1 g4 19.Rec1 Kd7 20.f4 exf4 21.Bxf4 Bh6 22.Rf5 Rd4
23.Nc5+ Ke8 24.Rxh5 Bg7 25.Rxh8+ Bxh8 26.Kg2 Ne7 27.Kg3 Bg7 28.Rc2 Ng6 29.Kxg4 Rb4
30.b3 Bf8 31.f3 Ne7 32.Rc4 Rxc4 33.bxc4 Nc8 34.Nd3 a5 35.c5 a4 36.h4 Na7
37.Kf5 Nb5 38.Be5 Na3 39.h5 Nc4 40.Bd4 Bh6 41.Nf2 Nd2 42.f4 Nf3 43.Bf6 Kf8
44.Ng4 Bg7 45.h6 Bxf6 46.Kxf6 Kg8 47.h7+ Kxh7 48.Kxf7  1-0

[Event "Open"]
[Site "Zadar CRO"]
[Date "1999.12.18"]
[Round "8"]
[White "Sulskis,S"]
[Black "Palac,M"]
[Result "1-0"]
[WhiteElo "2521"]
[BlackElo "2610"]

1.e4 c5 2.Nf3 Nc6 3.Bb5 e6 4.Bxc6 bxc6 5.b3 d6 6.O-O e5 7.c3 f5 8.exf5 Bxf5
9.d4 e4 10.Re1 Be7 11.dxc5 dxc5 12.Qxd8+ Rxd8 13.Ne5 Rd6 14.Nd2 Re6 15.Nec4 Nf6
16.Ne3 Bg6 17.c4 Nh5 18.g3 Bf6 19.Rb1 O-O 20.Bb2 Bd4 21.b4 Bxe3 22.fxe3 cxb4
23.Nb3 a5 24.a3 bxa3 25.Bxa3 Rc8 26.Nd4 Ree8 27.Rb6 Nf6 28.Rxc6 Bf7 29.Rxc8 Rxc8
30.c5 a4 31.Rb1 Nd5 32.c6 h6 33.Rb7 Be8 34.Nf5 Rxc6 35.Rxg7+ Kh8 36.Ra7 h5
37.Bb2+ Nf6 38.Rxa4 Kh7 39.Ra7+ Nd7 40.Ng7  1-0

[Event "Young Masters"]
[Site "Groningen NED"]
[Date "1999.12.19"]
[Round "1"]
[White "Shaw,J"]
[Black "Ballo,E"]
[Result "1-0"]
[WhiteElo "2410"]
[BlackElo "2221"]

1.e4 c5 2.Nf3 Nc6 3.Bb5 g6 4.Bxc6 bxc6 5.O-O Bg7 6.Re1 Nh6 7.c3 O-O 8.d4 cxd4
9.cxd4 Qc7 10.Nc3 Bb7 11.Bd2 f6 12.Rc1 d6 13.Qb3+ Nf7 14.e5 Rae8 15.Nd5 Qd7
16.e6  1-0

[Event "ch-ROM"]
[Site "Lasi ROM"]
[Date "1999.12.20"]
[Round "8"]
[White "Ardeleanu,A"]
[Black "Grigore,G"]
[Result "0-1"]
[WhiteElo "2409"]
[BlackElo "2526"]

1.e4 c5 2.Nf3 Nc6 3.Bb5 g6 4.O-O Bg7 5.c3 Nf6 6.Re1 O-O 7.d4 d5 8.e5 Ne4
9.Bxc6 bxc6 10.Nbd2 cxd4 11.cxd4 Bf5 12.Nf1 f6 13.exf6 exf6 14.Ng3 Nxg3 15.hxg3 Qb6
16.b3 Rfe8 17.Ba3 Bh6 18.Be7 Kf7 19.Bc5 Qa6 20.g4 Bxg4 21.Ne5+ fxe5 22.Qxg4 e4
23.Qh4 Bg7 24.Re3 Kg8 25.Rh3 h6 26.Qg4 g5 27.f4 Qc8 28.f5 Rf8 29.Rf1 Rf7
30.Rh5 Qd8 31.Qh3 Qf6 32.Kh1 Re8 33.g4 e3 34.Re1 e2 35.Qf3 Bf8 36.Bxf8 Kxf8
37.Rxe2 Rfe7 38.Rxe7 Qxe7 39.Kg2 Qe1 40.Rxh6 Re2+ 41.Kh3 Re3 42.Rf6+ Kg7  0-1

[Event "Young Masters"]
[Site "Groningen NED"]
[Date "1999.12.22"]
[Round "4"]
[White "Shaw,J"]
[Black "Timoshenko,G"]
[Result "1/2-1/2"]
[WhiteElo "2410"]
[BlackElo "2576"]

1.e4 c5 2.Nf3 Nc6 3.Bb5 d6 4.O-O Bd7 5.Re1 Nf6 6.h3 a6 7.Bf1 Ne5 8.Nxe5 dxe5
9.b3 e6 10.Bb2 Qc7 11.d3 Bc6 12.Nd2 Be7 13.Nc4 Nd7 14.Qh5 g6 15.Bxe5 Nxe5
16.Qxe5 Qxe5 17.Nxe5 Bf6 18.f4 g5 19.Rad1 Bb5 20.g3 gxf4 21.gxf4 Rg8+ 22.Kh2 Bxe5
23.fxe5 Rg5 24.Be2 Rxe5 25.Rg1 Ke7 26.Rg7 Rh8 27.Rf1 Be8 28.Kg3 Kf8 29.Kf4 Rxe4+
30.Kxe4 Kxg7 31.Ke5 Kf8  1/2-1/2

[Event "Young Masters"]
[Site "Groningen NED"]
[Date "1999.12.24"]
[Round "6"]
[White "Shaw,J"]
[Black "Middelburg,T"]
[Result "0-1"]
[WhiteElo "2410"]
[BlackElo "2326"]

1.e4 c5 2.Nf3 Nc6 3.Bb5 e6 4.Bxc6 bxc6 5.b3 f6 6.O-O Ne7 7.Nh4 e5 8.f4 exf4
9.Bb2 Qc7 10.Na3 Ba6 11.d3 O-O-O 12.Bc3 d5 13.Qe1 Rd7 14.e5 d4 15.e6 Rd5
16.Ba5 Qe5 17.Nc4 Qxe1 18.Raxe1 g5 19.Nf3 Nf5 20.Re4 Be7 21.g3 fxg3 22.Nfe5 gxh2+
23.Kxh2 Bxc4 24.Nf7 Ba6 25.Nxh8 Ne3 26.Rxf6 Bxf6 27.e7 Be5+ 28.Kg1 Kd7 29.Nf7 Kxe7
30.Nxe5 Kf6 31.Nxc6 Bb7 32.Nxa7 Rf5 33.Bd8+ Kg6 34.Nc6 Rf1+ 35.Kh2 Rf2+ 36.Kg1 Rf1+
37.Kh2 Rf2+ 38.Kg1 Rg2+ 39.Kh1 Rxc2 40.Re6+ Kh5 41.a4 Kg4 42.a5 h5 43.a6 Kh3
44.Kg1 Rg2+ 45.Kh1 Rf2  0-1

[Event "ch-ROM (women)"]
[Site "Lasi ROM"]
[Date "1999.12.25"]
[Round "11"]
[White "Ionescu Brandis,I"]
[Black "Peptan,C"]
[Result "1/2-1/2"]
[WhiteElo "2224"]
[BlackElo "2419"]

1.e4 c5 2.Nf3 Nc6 3.Bb5 d6 4.Bxc6+ bxc6 5.O-O e5 6.c3 Nf6 7.Re1 Be7 8.d4 cxd4
9.cxd4 exd4 10.Nxd4 Qc7 11.Qc2 c5 12.Nb5 Qd7 13.N1c3 O-O 14.Bg5 Rb8 15.Na3 Qb7
16.b3 Be6 17.Nc4 Qa6 18.Ne3 h6 19.Bh4 Rfe8 20.Rad1 Qa5 21.h3 Nxe4 22.Nxe4 Bxh4
23.Nxd6 Red8 24.Nec4 Qc7 25.Qe4 Bf6 26.Rd3 g6 27.Qf3 Bd4 28.Qg3 Kh7 29.Kf1 Rd7
30.Rc1 a6 31.Ne4 Qxg3 32.Nxg3 h5 33.Ne2 Bf5 34.Rd2 Rbd8 35.Rcd1 Be6 36.Nb6 Rd6
37.Nc4 R6d7 38.Nb6 Rd6 39.Nc4 Bxc4 40.bxc4 Kg7 41.Nxd4 cxd4 42.Ke2 Kf6 43.Kd3 Rc8
44.Re1 Rc5 45.Re4 Ra5 46.Rf4+ Ke5 47.Re4+ Kf6 48.Rf4+ Ke5  1/2-1/2

[Event "ch-ROM"]
[Site "Lasi ROM"]
[Date "1999.12.25"]
[Round "13"]
[White "Ardeleanu,A"]
[Black "Rogozenko,D"]
[Result "1/2-1/2"]
[WhiteElo "2409"]
[BlackElo "2576"]

1.e4 c5 2.Nf3 Nc6 3.Bb5 g6 4.O-O Bg7 5.c3 Nf6 6.Re1 O-O 7.d4 d5 8.e5 Ne4
9.Bxc6 bxc6 10.Nbd2 cxd4 11.cxd4 c5 12.dxc5 Nxc5 13.Nb3 Nxb3 14.Qxb3 Re8
15.Bf4 e6 16.Bg5 Qa5 17.Rac1 Ba6 18.Bd2 Qb5 19.Qxb5 Bxb5 20.Nd4 Reb8 21.b3 Be8
22.f4 Bf8 23.Rc7 a5 24.a4 Ba3 25.Bc1 Bb4 26.Re2 Kf8 27.Rec2 Be7 28.Kf2 Bd8
29.Ba3+ Kg8 30.R7c3 Bd7 31.Bd6 Rb7 32.Ke3 Kg7 33.g3 h6  1/2-1/2

[Event "8th Danube Open"]
[Site "Aschach AUT"]
[Date "1999.12.26"]
[Round "1"]
[White "Waldmann,G"]
[Black "Cvek,R"]
[Result "1/2-1/2"]
[WhiteElo "2155"]
[BlackElo "2444"]

1.e4 c5 2.Nf3 Nc6 3.Bb5 g6 4.O-O Bg7 5.c3 Nf6 6.Re1 O-O 7.d4 cxd4 8.cxd4 d5
9.e5 Ne4 10.Nc3 Nxc3 11.bxc3 Na5 12.Bg5 Bf5 13.Qa4 a6 14.Bf1 Re8 15.Rac1 Rc8
16.Nd2 b5 17.Qd1 h6 18.Be3 Nc4 19.Nb3 Nxe3 20.Rxe3 h5 21.f4 e6 22.Bd3 Bxd3
23.Rxd3 Rc4 24.g4 hxg4 25.Qxg4 b4 26.h4 bxc3 27.h5 c2 28.hxg6 f5 29.Qh5 Qe7
30.Rd2 Rec8 31.Qh2 Qb4 32.Qf2 Bh6 33.Qh4 Bg7 34.Qf2 Bh6 35.Qh4 Bg7 36.Qf2  1/2-1/2

[Event "III Open"]
[Site "Cali COL"]
[Date "1999.12.26"]
[Round "1"]
[White "Gamboa,N"]
[Black "Zabaleta,L"]
[Result "1-0"]
[WhiteElo "2340"]
[BlackElo "2175"]

1.e4 c5 2.Nf3 Nc6 3.Bb5 d6 4.Bxc6+ bxc6 5.O-O Nf6 6.Re1 Bg4 7.d3 Rb8 8.c3 Qc7
9.Nbd2 e5 10.h3 Bxf3 11.Qxf3 Be7 12.Nc4 O-O 13.Bg5 h6 14.Bh4 Nh7 15.Bxe7 Qxe7
16.Qe3 Rfd8 17.f4 exf4 18.Qxf4 Ng5 19.Re3 Ne6 20.Qf2 d5 21.Ne5 Qc7 22.exd5 cxd5
23.Rf1 d4 24.Re2 dxc3 25.bxc3 f6 26.Ng4 Ng5 27.Qf5 h5 28.h4 hxg4 29.hxg5 Qd7
30.Qxc5 Rbc8 31.Qb4 Qxd3 32.Qxg4 fxg5 33.Qe6+ Kh7 34.Re3  1-0

[Event "8th Danube Open"]
[Site "Aschach AUT"]
[Date "1999.12.27"]
[Round "3"]
[White "Balinov,I"]
[Black "Kiss,At"]
[Result "0-1"]
[WhiteElo "2448"]
[BlackElo "2314"]

1.e4 c5 2.Nf3 Nc6 3.Bb5 g6 4.Bxc6 dxc6 5.d3 Bg7 6.O-O e5 7.a3 a5 8.Be3 b6
9.Nbd2 a4 10.Nc4 f6 11.b4 axb3 12.cxb3 Ne7 13.a4 Be6 14.a5 Bxc4 15.dxc4 Rxa5
16.Rxa5 bxa5 17.Bxc5 Kf7 18.Qa1 Qc7 19.Qa3 Ra8 20.b4 a4 21.b5 Bf8 22.b6 Qd7
23.Bd6 c5 24.Bxc5 Qc6 25.Nd2 Rc8 26.Bd6 Qxb6 27.c5 Qc6 28.f4 exf4 29.Rxf4 Ng8
30.Nc4 Qb5 31.Qh3 Rxc5 32.Qxh7+ Bg7 33.Ne3 Rh5 34.Qxh5 Qxh5 35.e5 Bh6 36.g4 Qh3  0-1

[Event "It"]
[Site "Pamplona ESP"]
[Date "1999.12.27"]
[Round "1"]
[White "Timman,J"]
[Black "Lautier,J"]
[Result "1/2-1/2"]
[WhiteElo "2650"]
[BlackElo "2638"]

1.e4 c5 2.Nf3 Nc6 3.Bb5 g6 4.O-O Bg7 5.Re1 Nf6 6.e5 Nd5 7.Nc3 Nc7 8.Bxc6 dxc6
9.Ne4 Ne6 10.d3 O-O 11.Be3 b6 12.Qd2 f6 13.exf6 exf6 14.Bh6 a5 15.Bxg7 Kxg7
16.Ng3 Ra7 17.Re4 Nd4 18.Nxd4 cxd4 19.Qf4 c5 20.Rae1 Raf7 21.h4 Qc7 22.Qxc7 Rxc7
23.R4e2 Kf7 24.a4 Bb7 25.b3 Rd8 26.Nf1 Rdd7 27.Re8 Rc8 28.R8e6 Rc6 29.Re8 Rc8
30.R8e6  1/2-1/2

[Event "8th Danube Open"]
[Site "Aschach AUT"]
[Date "1999.12.28"]
[Round "4"]
[White "Kalod,R"]
[Black "Almasi,I"]
[Result "1-0"]
[WhiteElo "2440"]
[BlackElo "2435"]

1.e4 c5 2.Nf3 Nc6 3.Bb5 e6 4.O-O Nge7 5.c3 a6 6.Ba4 b5 7.Bc2 d5 8.e5 Ng6
9.d4 Be7 10.Be3 cxd4 11.cxd4 O-O 12.Nbd2 a5 13.Rc1 Bd7 14.Nb3 Qb8 15.Bb1 Rc8
16.Ng5 Be8 17.Qh5 Bxg5 18.Qxg5 Qb6 19.Qg4 Nb4 20.Nc5 Na6 21.Nd3 b4 22.h4 Bb5
23.Rfe1 Qd8 24.h5 Ne7 25.Nf4 Qf8 26.h6 g6 27.Nh5 Rxc1 28.Rxc1 Rc8 29.Nf6+ Kh8
30.Rxc8 Nxc8 31.Bg5 Nc7 32.Kh2 Ne7 33.Qf4 a4 34.Bd3 Bc6 35.Qc1  1-0

[Event "Ambassador Open"]
[Site "Bern SUI"]
[Date "1999.12.28"]
[Round "4"]
[White "Vianin,P"]
[Black "Herbrechtsmeier,C"]
[Result "0-1"]
[WhiteElo "2190"]
[BlackElo "2297"]

1.e4 c5 2.Nf3 Nc6 3.Bb5 g6 4.O-O Bg7 5.Qe2 e5 6.Qc4 d6 7.b4 Be6 8.Qc3 Qb6
9.Bxc6+ Qxc6 10.bxc5 Qxc5 11.Ba3 Qb6 12.Qb4 Qxb4 13.Bxb4 Kd7 14.Nc3 Ne7 15.Rab1 b6
16.a4 Nc6 17.Ba3 Na5 18.Nb5 Nc4 19.Bc1 d5 20.Ng5 Rhc8 21.d3 Nd6 22.exd5 Bxd5
23.c4 Nxb5 24.axb5 Be6 25.Nxe6 Kxe6 26.Bb2 Rd8 27.Rfd1 Rd7 28.Kf1 f5 29.Ke2 Rad8
30.f3 h5 31.Ra1 Bf8 32.h3 Bc5 33.Bc3 Rf8 34.Rf1 Rfd8 35.Rfd1 Rh7 36.Rh1 Rf8
37.Raf1 Rd7 38.Rd1 Rfd8 39.Rd2 Bd4 40.Bxd4 Rxd4 41.Ra1 e4 42.fxe4 fxe4 43.Rxa7 exd3+
44.Ke3 Rxc4 45.Rb7 Ke5 46.Rxd3 Re4+ 47.Kd2 Red4 48.Rxd4 Kxd4 49.Rc7 Rd5 50.Rg7 g5
51.g3 Ke4+ 52.Ke2 Rxb5 53.Re7+ Re5 54.Rh7 g4 55.hxg4 hxg4 56.Rg7 Kf5+ 57.Kd3 Rb5
58.Kc4 Rb1 59.Kd4 Rb4+ 60.Ke3 Rb3+ 61.Kf2 b5 62.Rf7+ Kg6 63.Rf8 b4 64.Rg8+ Kf5
65.Rf8+ Ke4 66.Rg8 Rf3+ 67.Kg2 Kf5 68.Rf8+  0-1

[Event "III Open"]
[Site "Cali COL"]
[Date "1999.12.28"]
[Round "4"]
[White "Cuartas,J"]
[Black "Echavarria,J"]
[Result "0-1"]
[WhiteElo "2365"]
[BlackElo "2237"]

1.e4 c5 2.Nf3 Nc6 3.Bb5 g6 4.O-O Bg7 5.Re1 Nf6 6.e5 Nd5 7.Nc3 Nc7 8.Bxc6 dxc6
9.Ne4 Ne6 10.d3 O-O 11.Be3 b6 12.Qd2 Nd4 13.Nxd4 cxd4 14.Bh6 c5 15.Qf4 Qd5
16.Nf6+ exf6 17.exf6 Bb7 18.f3 Bh8 19.Bxf8 Rxf8 20.Re7 Bc6 21.Rae1 g5 22.Qg3 Bxf6
23.Rxa7 Qd8 24.Qc7 Bd5 25.a4 Qxc7 26.Rxc7 Ra8 27.b3 Kf8 28.a5 Rxa5 29.Rc8+ Kg7
30.Rb8 Ra2 31.Rxb6 Rxc2 32.b4 cxb4 33.Rxb4 Rd2 34.Rb5 Be6 35.Rb7 Bf5  0-1